In Search of A Woman: (Record no. 186877)

MARC details
000 -LEADER
fixed length control field 00524nam a22001817a 4500
005 - DATE AND TIME OF LATEST TRANSACTION
control field 20220322124551.0
010 ## - LCCN (DPL NO)
LC control number ENG-132063
020 ## - INTERNATIONAL STANDARD BOOK NUMBER
Terms of availability 199.00
035 ## - SYSTEM CONTROL NUMBER
System control number EN-115595
037 ## - SOURCE OF ACQUISITION
Source of stock number/acquisition DBAD/PUB
082 ## - DEWEY DECIMAL CLASSIFICATION NUMBER
Classification number S
100 ## - MAIN ENTRY--PERSONAL NAME
Personal name Wadhera,Kiron
245 ## - TITLE STATEMENT
Title In Search of A Woman:
Remainder of title And Other Short Stories/
Statement of responsibility, etc Kiron Wadhera
260 ## - PUBLICATION, DISTRIBUTION, ETC. (IMPRINT)
Place of publication, distribution, etc New Delhi
Name of publisher, distributor, etc Pigeon Books India
Date of publication, distribution, etc 2016
270 ## - ADDRESS
Address 16, Ansari Road, Daryaganj
City New Delhi
Electronic mail address generalbookdepot@yahoo.com
Postal code 110002
300 ## - PHYSICAL DESCRIPTION
Extent 215p
Dimensions 20cm(pbk)
942 ## - ADDED ENTRY ELEMENTS (KOHA)
Source of classification or shelving scheme Dewey Decimal Classification
Item type English Books
Classification part S
Call number suffix WAD
Holdings
Withdrawn status Lost status Not for loan Collection code Home library Current library Date acquired Source of acquisition Cost, normal purchase price Full call number Barcode Copy number Cost, replacement price Koha item type
      Fiction Patel Nagar Patel Nagar 22/03/2022 DBAD/PUB 190.00 S WAD EN-115595 1 190.00 English Books

© Delhi Public Library
Hit Counter
free hit counter